Calcium phosphate coating deposition by radio frequency magnetron sputtering in the various inert gases: The pilot study; Materials Chemistry and Physics; Vol. 235
| Parent link: | Materials Chemistry and Physics Vol. 235.— 2019.— [121735, 5 p.] |
|---|---|
| Autor corporatiu: | |
| Altres autors: | , , , , , , |
| Sumari: | Title screen In this study, thin calcium phosphate coatings were deposited on titanium substrates by radio frequency magnetron sputtering of hydroxyapatite target in the neon (Ne), argon (Ar), krypton (Kr) and xenon (Xe). The influence of the working gas (Ne, Ar, Kr and Xe) on the deposition rate, surface morphology, indentation hardness, Young's modulus and adhesion of the coatings was investigated. It was found that the calcium phosphate (CaP) coatings formed in Ar and Kr have a similar deposition rate. With an increase in the atomic weight of the working gas, the crystallite size of the coatings increases. The coatings deposited in Ne and Xe have a higher Ca/P ratio than the coatings formed in Ar and Kr. The coatings obtained in Ne, Ar and Xe had approximately similar values of nanohardness and Young's modulus. The CaP coatings deposited in Xe are characterized by better adhesion. Режим доступа: по договору с организацией-держателем ресурса |
| Idioma: | anglès |
| Publicat: |
2019
|
| Matèries: | |
| Accés en línia: | https://doi.org/10.1016/j.matchemphys.2019.121735 |
| Format: | MixedMaterials Electrònic Capítol de llibre |
| KOHA link: | https://koha.lib.tpu.ru/cgi-bin/koha/opac-detail.pl?biblionumber=660515 |
MARC
| LEADER | 00000naa0a2200000 4500 | ||
|---|---|---|---|
| 001 | 660515 | ||
| 005 | 20250807153402.0 | ||
| 035 | |a (RuTPU)RU\TPU\network\29965 | ||
| 035 | |a RU\TPU\network\27382 | ||
| 090 | |a 660515 | ||
| 100 | |a 20190705d2019 k||y0rusy50 ba | ||
| 101 | 0 | |a eng | |
| 135 | |a drcn ---uucaa | ||
| 181 | 0 | |a i | |
| 182 | 0 | |a b | |
| 200 | 1 | |a Calcium phosphate coating deposition by radio frequency magnetron sputtering in the various inert gases: The pilot study |f A. Yu. Fedotkin [et al.] | |
| 203 | |a Text |c electronic | ||
| 300 | |a Title screen | ||
| 320 | |a [References: 18 tit.] | ||
| 330 | |a In this study, thin calcium phosphate coatings were deposited on titanium substrates by radio frequency magnetron sputtering of hydroxyapatite target in the neon (Ne), argon (Ar), krypton (Kr) and xenon (Xe). The influence of the working gas (Ne, Ar, Kr and Xe) on the deposition rate, surface morphology, indentation hardness, Young's modulus and adhesion of the coatings was investigated. It was found that the calcium phosphate (CaP) coatings formed in Ar and Kr have a similar deposition rate. With an increase in the atomic weight of the working gas, the crystallite size of the coatings increases. The coatings deposited in Ne and Xe have a higher Ca/P ratio than the coatings formed in Ar and Kr. The coatings obtained in Ne, Ar and Xe had approximately similar values of nanohardness and Young's modulus. The CaP coatings deposited in Xe are characterized by better adhesion. | ||
| 333 | |a Режим доступа: по договору с организацией-держателем ресурса | ||
| 461 | |t Materials Chemistry and Physics | ||
| 463 | |t Vol. 235 |v [121735, 5 p.] |d 2019 | ||
| 610 | 1 | |a электронный ресурс | |
| 610 | 1 | |a труды учёных ТПУ | |
| 610 | 1 | |a biomaterials | |
| 610 | 1 | |a deposition | |
| 610 | 1 | |a thin films | |
| 610 | 1 | |a magnetron sputtering | |
| 610 | 1 | |a hydroxyapatite | |
| 610 | 1 | |a биоматериалы | |
| 610 | 1 | |a отложения | |
| 610 | 1 | |a тонкие пленки | |
| 610 | 1 | |a магнетронное распыление | |
| 701 | 1 | |a Fedotkin |b A. Yu. |c physicist |c engineer of Tomsk Polytechnic University |f 1994- |g Aleksandr Yurjevich |3 (RuTPU)RU\TPU\pers\44107 |9 21763 | |
| 701 | 1 | |a Bolbasov |b E. N. |c physicist |c Senior Researcher at Tomsk Polytechnic University, Candidate of Technical Sciences |f 1981- |g Evgeny Nikolaevich |3 (RuTPU)RU\TPU\pers\30857 |9 15103 | |
| 701 | 1 | |a Kozelskaya |b A. I. |c physicist |c Researcher at Tomsk Polytechnic University, Candidate of Physical and Mathematical Sciences |f 1985- |g Anna Ivanovna |3 (RuTPU)RU\TPU\pers\39663 |9 21044 | |
| 701 | 1 | |a Dubinenko |b G. E. |c Specialist in the field of material science |c Engineer of Tomsk Polytechnic University |f 1992- |g Gleb Evgenjevich |3 (RuTPU)RU\TPU\pers\42578 |9 21551 | |
| 701 | 1 | |a Shesterikov |b E. I. |g Evgeny Viktorovich | |
| 701 | 1 | |a Ashrafov |b A. Kh. |c physicist |c engineer of the Tomsk Polytechnic University |f 1967- |g Andrey Khakimovich |3 (RuTPU)RU\TPU\pers\37852 |9 20544 | |
| 701 | 1 | |a Tverdokhlebov |b S. I. |c physicist |c Associate Professor of Tomsk Polytechnic University, Candidate of physical and mathematical science |f 1961- |g Sergei Ivanovich |3 (RuTPU)RU\TPU\pers\30855 |9 15101 | |
| 712 | 0 | 2 | |a Национальный исследовательский Томский политехнический университет |b Инженерная школа ядерных технологий |b Научно-образовательный центр Б. П. Вейнберга |3 (RuTPU)RU\TPU\col\23561 |
| 801 | 2 | |a RU |b 63413507 |c 20200922 |g RCR | |
| 856 | 4 | |u https://doi.org/10.1016/j.matchemphys.2019.121735 | |
| 942 | |c CF | ||